000 00778nam a22002417a 4500
003 UA-OsUOA
001 31899
007 ta
008 20050114b un ||||| |||| 00| 0 ukr d
090 _a821.161.2+94(477)
_bЛ64
942 _cBK
040 _aUA-OsUOA
_bukr
_cUA-OsUOA
_dUA-OsUOA
245 _aЛітература та культура Полісся. Регіональна історія та культура в українському та східноєвропейському контекті
_bЗбірник статей
300 _a278 с.
955 _a0
041 _aukr
080 _a821.161.2+94(477)
260 _aНіжин
_bНДПУ ім М. Гоголя
_c2004
246 3 1 _aВип. 27
_n
044 _aUA
650 7 _2UDC
999 _c318334
_d318334